000 01174nam a2200277Ia 4500
003 OSt
005 20220923211426.0
006 a|||||r|||| 00| 0
007 ta
008 220922b |||||||| |||| 00| 0 san d
020 _a9788193857915 (hbk)
_c350
024 _a348,154
037 _b238, 16/01/2019, Eastern Book Linkers
_cTextual
040 _aARTS
_cARTS
_bsan
041 _2san
_asan
082 _aO15,2N36:g, 152Q8
100 _aआर्या, मीनाक्षि कुमारी, ले.
_9160441
245 0 _aवाल्मीकि सम्भवम् का नाट्यशास्त्रीय अध्ययन
246 _aVālmīki sambhavam kā nāṭyashāstrīya adhyayana
260 _aदिल्ली
_b ईस्टर्न बुक लिंकर्स
_c2018
300 _a86पृ0
_ccm.
650 _a संस्कृत साहित्य
650 _aसंस्कृत कविता
_9156350
942 _hO15,2N36:g, 152Q8
_cTEXL
_2CC
999 _c299312
_d299312